Can you name a Gracie Abrams song for each letter of the alphabet? - Statistics

General Stats
  • This quiz has been taken 142 times
  • The average score is 15 of 19
Answer Stats
Letter Songs % Correct
C Call Me When You Break Up | Camden | Cedar | Close To You | Cool
97%
I I Knew It, I Know You | I know it won't work | I Love You, I'm Sorry | I miss you, I'm sorry | I should hate you | I Told You Things
97%
B Best | Better | Block me out | Blowing Smoke | The blue | The Bottom | Brush Fire
96%
F Fault line | Feels Like | Felt Good About You | For Real This Time | Free Now | Friend | Full machine
93%
T tehe | That's So True | The blue | The Bottom | This is what the drugs are for | Tough Love | Two people
93%
U Under / Over | Unlearn | Unsteady | us.
93%
M Mean It | Mess It Up | minor
92%
A Abby | Alright | Amelie | Augusta
90%
R Right now | Risk | Rockland
89%
L Let It Happen | Long Sleeves
84%
G Gave You I Gave You I | Good Luck Charlie
83%
W Where do we go now? | Will you cry? | Wishful Thinking
80%
P Packing It Up | Pad Thai | Painkillers
79%
D Death Wish | Difficult
72%
E Everywhere, Everything
67%
N Normal Thing
61%
S Stay
56%
H Hard to Sleep
53%
O Older
52%
No matching quizzes found
Score Distribution
Percent of People with Each Score
Percentile by Number Answered
Your Score History
You have not taken this quiz